[Event "Norwood Centenary"]
[Site "Norwood"]
[Date "1990.04.16"]
[Round "6.5"]
[White "Hoff, Gregory A"]
[Black "Condon, Robert F"]
[Result "0-1"]
[WhiteElo "1673"]
[BlackElo "1745"]
[PlyCount "88"]
[EventDate "1990.04.14"]
[EventType "swiss"]
[EventRounds "6"]
[EventCountry "AUS"]

1. e4 e5 2. Nf3 Nc6 3. Bb5 a6 4. Ba4 Nf6 5. O-O {
Ruy Lopez [Archangelsk/Moller Defence]} Bc5 6. Re1 (6. Bxc6 dxc6 7. d3 Qd6 (
7... Qe7 8. Nbd2 Bg4 9. Nc4 Nd7 10. Ne3 Bxe3 11. fxe3 f5 12. exf5 e4 13. dxe4
Qxe4 14. Ng5 Bxd1 15. Nxe4 Bxc2 16. Ng3 O-O 17. Rf2 Bd3 18. b3 Rae8 19. Rd2
Rxe3 20. Ba3 Rf7 21. Rad1 Rxg3 22. hxg3 {
Adams,M-Shirov,A/Linares 1997/CBM 57/1-0 (95)}) 8. Nbd2 Be6 9. a3 a5 10. b3 Nd7
11. Ng5 O-O 12. Bb2 f6 13. Nxe6 Qxe6 14. Kh1 Rfd8 15. Qh5 Qf7 16. Qg4 Nf8 17.
f4 exf4 18. Rxf4 Ng6 19. Rf5 Qe6 20. Raf1 Bd4 {
Kamsky,G-Ivanchuk,V/Monaco blind 1996/EXP 52/0-1 (45)}) 6... b5 $146 (6... d5
7. exd5 Nxd5 8. Nxe5 O-O 9. Nxc6 bxc6 10. Bxc6 Rb8 11. Bxd5 Qxd5 12. Nc3 Qd4
13. Qf3 Bg4 14. Qg3 Rbe8 15. Re3 Bd6 16. f4 Be2 17. Nxe2 Rxe3 18. Qxe3 Qc4 19.
b3 Qxc2 20. Qc3 Qxc3 21. dxc3 Re8 22. Kf2 Bc5+ 23. Nd4 Bb6 24. Be3 f6 25. Re1
Kf7 26. c4 {1-0 Ecker,C-Watkins,J/PF-op Eisenberg 1993/GER 05 (26)}) (6... d6
7. h3 O-O 8. c3 b5 9. Bb3 h6 10. d4 Bb6 11. Be3 Na5 12. Bc2 Nc4 13. Bc1 exd4
14. cxd4 c5 15. b3 Na5 16. e5 dxe5 17. dxe5 Qxd1 18. Rxd1 Nd7 19. Nc3 Bc7 20.
Nd5 Bxe5 21. Nxe5 Nxe5 22. Be3 Nb7 23. Ne7+ Kh8 24. f4 Ng6 25. Bxg6 Re8 26.
Nxc8 Raxc8 27. Bf5 Rc6 {
1-0 Kienast,M-Schwehm,C/RH-op Wallertheim 1994/GER 09 (27)}) 7. Bb3 d6 8. c3 {
Covers b4} Bg4 9. h3 Bh5 10. a4 b4 11. a5 O-O {Black launches an attack} 12. d3
Rb8 13. Be3 $17 (13. Bc4 $142 $5 $11 {and White hangs on}) 13... Bxf3 14. gxf3
bxc3 15. bxc3 {Black gets strong play along the open b-file} Bxe3 16. fxe3 Nh5
17. Kh2 $19 (17. Ra2 $142 $5 $17) 17... Qg5 18. Rg1 Qxe3 19. Nd2 (19. Ra2 Nf4
$19) 19... Qf4+ (19... Nf4 {might be the shorter path} 20. Rf1 $19) 20. Kh1 Qh4
{The mate threat is Qxh3} 21. Kh2 Nf4 22. Qf1 Nxh3 {Threatening mate: Nf4} 23.
Rg4 $4 $19 {another step towards the grave} (23. Qxh3 $142 Qf4+ 24. Kh1 Qxd2
25. Ra2 $15) 23... Qf2+ (23... Qh6 $142 {
it becomes clear that Black will call all the shots} 24. Qe1 Nf2+ 25. Kg1 Nxg4
26. fxg4 Qf4 $19) 24. Kxh3 Qxd2 25. Bd5 Ne7 $1 {takes home the point} (25...
Qxc3 $6 {is much worse} 26. Rc1 Qxa5 27. Rxc6 $11) 26. Bc4 Rb2 {
Do you see the mate threat?} 27. Qg1 Ng6 28. Rf1 (28. Kg3 $19 {
is still a small chance}) 28... Qh6+ $1 {a nasty check} 29. Kg3 Nf4 {
The mate threat is Qh3} 30. Qh1 Rg2+ (30... Ne2+ $142 {and Black wins} 31. Kg2
Nxc3+ 32. Kg3 Ne2+ 33. Kg2 Ng1+ 34. Rf2 Rxf2+ 35. Kxf2 Qxh1 36. Rxg1 Qh4+ 37.
Ke3 Rb8 $19) 31. Qxg2 Nxg2 32. Kxg2 Qd2+ 33. Rf2 Qxc3 34. Bxa6 Qxa5 35. Bc4 c6
36. f4 exf4 (36... d5 {and Black can already relax} 37. Ra2 Qc5 38. exd5 cxd5
39. Ba6 $19) 37. Rgxf4 Qg5+ {Black terminates the opponent with strong threats}
38. Kf1 d5 39. exd5 cxd5 40. Ba2 (40. Bb3 {otherwise it's curtains at once} Qh5
41. Re2 $19) 40... g6 (40... Rc8 $142 {keeps an even firmer grip} 41. Ke2 Qg6
42. Rf5 Rc2+ 43. Kd1 Rxf2 44. Rxf2 Qxd3+ 45. Rd2 Qf1+ 46. Kc2 Qf5+ 47. Kd1 Qg4+
48. Kc2 Qg6+ 49. Kc3 Qc6+ 50. Kd4 $19) 41. d4 (41. Bb3 {
doesn't get the bull off the ice} Rb8 42. Bc2 Rb2 43. Rxf7 Qc1+ 44. Kg2 Rxc2
45. Rf8+ Kg7 $19) 41... Qh5 (41... Rc8 42. Rxf7 Rc1+ 43. Ke2 Qg4+ 44. R7f3 Qe4+
45. Re3 Qxd4 46. Bxd5+ Qxd5 47. Re8+ Kg7 48. Re7+ Kh6 49. Rf8 Rc2+ 50. Ke3 Qd2+
51. Ke4 Rc4+ 52. Ke5 Qd4+ 53. Ke6 Rc6+ 54. Kf7 Qd5+ 55. Re6 Qxe6#) 42. Kg1 Re8
43. Rxf7 (43. Rg2 {does not help much} Re1+ 44. Rf1 Rxf1+ 45. Kxf1 Qd1+ 46. Kf2
Qxd4+ 47. Ke2 Qb2+ 48. Kf3 Qa3+ 49. Kf4 Qd3 $19) 43... Re1+ 44. Rf1 Qg4+ (44...
Qg4+ 45. Kh2 Rxf1 46. Rxf1 Qe2+ 47. Kg1 Qxa2 $19) 0-1

[Event "Norwood Centenary"]
[Site "Norwood"]
[Date "1990.04.16"]
[Round "6.6"]
[White "McLean, John"]
[Black "Sremcevic, George"]
[Result "1/2-1/2"]
[WhiteElo "1616"]
[BlackElo "1827"]
[PlyCount "104"]
[EventDate "1990.04.14"]
[EventType "swiss"]
[EventRounds "6"]
[EventCountry "AUS"]

1. g4 {Grob} e6 $11 (1... d6 2. h3 g6 (2... c6 3. Bg2 g6 4. c3 Bg7 5. d4 Nf6 6.
f4 Qc7 7. e4 b5 8. Ne2 Bb7 9. O-O Nbd7 10. Be3 Nb6 11. Nd2 Nfd7 12. Rc1 d5 13.
b3 dxe4 14. Nxe4 Nd5 15. Bf2 N7f6 16. Bg3 Nxe4 17. Bxe4 Nf6 18. Bg2 O-O 19. f5
Qa5 20. Rc2 Rad8 21. Qc1 Nd5 22. Kh2 Bc8 23. Be4 Qb6 24. b4 Rfe8 25. fxg6 hxg6
26. Qg5 Bf6 27. Qh6 Bg7 28. Qg5 Bf6 29. Qc1 Bg7 30. Qg5 {
1/2-1/2 Muellen,A-Kessler,A/RL-ch Kettig 1994/GER 09 (30)}) 3. Bg2 Bg7 4. c4
Nf6 5. Nc3 c6 6. Nf3 Nbd7 7. d3 a6 8. Be3 e5 9. Rc1 Qe7 10. b4 O-O 11. Qd2 Re8
12. Ng5 Nf8 13. Nce4 Nxe4 14. Nxe4 f5 15. gxf5 gxf5 16. Bg5 Qe6 17. Nc3 Qg6 18.
Rg1 Ne6 19. Bh4 Kh8 20. Kf1 Qh5 21. Bg3 Bh6 22. e3 f4 23. Ne4 Rf8 {
0-1 Wall,T-McDonald,N/Barnsdale YM 1989/TD 89\14 (23)}) (1... Na6 2. Bg2 Nb4 3.
g5 h6 4. d3 Rb8 5. Kf1 d5 6. a4 Qd6 7. a5 Qa6 8. h4 Be6 9. Be3 f5 10. f3 g6 11.
Nh3 Rh7 12. Nd2 Rf7 13. Nf2 Bg7 14. c3 d4 15. cxd4 Bd5 {
1/2-1/2 Koval,D-Cimra,J/SVK-ch 1993/TD 93\10 (15)}) (1... d5 2. h3 $15) 2. Bg2
d5 3. c4 g6 (3... Nc6 4. h3 $11) 4. cxd5 exd5 5. Qb3 Ne7 ({Not} 5... Bxg4 6.
Qxb7 (6. Qxd5 $6 Qxd5 7. Bxd5 c6 $15) 6... Nd7 7. Bxd5 $16) 6. d4 Bg7 7. Bg5
$15 (7. Nc3 Nbc6 (7... Bxg4 $143 8. Qxb7 Nbc6 9. Nxd5 $14) 8. e3 Bxg4 9. Qxb7
Rb8 $15) 7... Nbc6 8. e3 {Prevents intrusion on d4} a5 $11 (8... f6 $5 {
is noteworthy} 9. Bf4 Bxg4 10. Qxb7 Rb8 11. Qxc7 Rxb2 12. Qxd8+ Kxd8 $15) 9. a3
$15 {Controls b4} (9. Nc3 $5 a4 10. Nxa4 $11) 9... h6 10. Bh4 g5 11. Bg3 b6 $14
(11... Bxg4 $5 {is worthy of consideration} 12. Nc3 Be6 $15) 12. h3 {
Consolidates g4} Ba6 13. Nc3 {Increases the pressure on d5} Bc4 14. Qc2 Rc8 $16
(14... Qd7 $5 $14 {must be considered}) 15. b3 Ba6 16. Nxd5 $1 {
staying in the lead} O-O 17. Nxe7+ Nxe7 18. Ne2 $14 (18. Rd1 $5 c5 19. d5 $16)
18... c5 19. Qd2 Bxe2 20. Qxe2 cxd4 21. exd4 Qxd4 $11 (21... Re8 22. O-O Nf5
23. Qd3 Nxd4 24. Kh1 $15) 22. O-O Rfe8 23. Rad1 Qb2 $14 (23... Ng6 24. Qf3 Qc3
25. Rd3 $11) 24. Qxb2 $11 (24. Qb5 Kf8 $16) 24... Bxb2 25. Rd6 (25. a4 f5 $11)
25... Ng6 (25... Bxa3 26. Rxb6 Rc3 27. Be5 $11) 26. a4 Re6 27. Rfd1 Be5 28.
Rd8+ Rxd8 29. Rxd8+ Kg7 30. Bxe5+ Nxe5 $11 (30... Rxe5 31. Kh2 $11) 31. Bd5 Rf6
32. Kg2 Ng6 33. Bc4 Nf4+ 34. Kg3 Ne6 35. Rd7 Nc5 36. Re7 Kf8 37. Re3 Rf4 38.
Bd5 Kg7 39. Kg2 Kf6 40. Rf3 Rxf3 41. Kxf3 Ke7 42. Ke3 f6 43. Kd4 Kd6 44. Bc4
Nd7 45. Bb5 Ne5 46. Be2 Nd7 47. Bb5 Nc5 48. Bc4 Nd7 49. Bd3 Ne5 50. Be4 Nc6+
$14 (50... Nd7 51. Kc4 $11) 51. Bxc6 Kxc6 52. Kc4 Kd6 1/2-1/2

[Event "Norwood Centenary"]
[Site "Norwood"]
[Date "1990.04.16"]
[Round "6.7"]
[White "Sykes, Alexander"]
[Black "Balazs, David"]
[Result "1-0"]
[WhiteElo "1894"]
[BlackElo "1330"]
[PlyCount "51"]
[EventDate "1990.04.14"]
[EventType "swiss"]
[EventRounds "6"]
[EventCountry "AUS"]

1. d4 d5 2. c4 e5 3. dxe5 d4 4. Nf3 Nc6 5. g3 {Albin Counter Gambit} Bf5 (5...
Bb4+ 6. Nbd2 Be6 7. Bg2 Bxc4 8. O-O Bxd2 9. Qxd2 Qd7 10. b3 Bd5 11. Bb2 Nge7
12. Rfd1 Rd8 13. Qg5 O-O 14. Nxd4 h6 15. e6 hxg5 16. exd7 Bxg2 17. Kxg2 Nb8 18.
Nb5 f6 19. Nxc7 Rxd7 20. Rxd7 {Seul,G-Muse,M/BL9394 1994/BL 90/1-0 (63)}) 6.
Bg2 Bb4+ $146 (6... Qd7 7. O-O Nge7 (7... O-O-O 8. a3 Bh3 9. e6 Bxe6 10. b4 Bh3
11. b5 Na5 12. Qa4 Bxg2 13. Kxg2 b6 14. Bd2 f6 15. Bxa5 bxa5 16. Qxa5 Bc5 17.
Nbd2 Ne7 18. Qa6+ Kb8 19. Nb3 Qd6 20. Qxd6 Bxd6 21. Nfxd4 Be5 22. Rad1 g5 23.
Ne6 Rxd1 24. Rxd1 Kc8 25. f4 gxf4 26. gxf4 Rg8+ 27. Kf3 Bb2 28. Rd2 Bxa3 29.
Ra2 Bd6 30. c5 {1-0 Richter,M-Schilly,H/Berliner Sommer 1996/EXP 54 (30)}) 8.
a3 Ng6 9. b4 Rd8 10. Bb2 Be7 11. Nbd2 O-O 12. b5 Ncxe5 13. Nxd4 Bh3 14. Qc2 (
14. Qb3 Bc5 15. N2f3 Nxf3+ 16. Nxf3 Bxg2 17. Kxg2 Qg4 18. Kh1 Qe4 19. Rae1 Rfe8
20. Kg1 h6 21. Qc3 f6 22. Nd2 Qg4 23. Nb3 Bd6 24. f3 Qh3 25. f4 Nxf4 26. Qf3
Ne6 27. Qf5 Ng5 28. Qxh3 Nxh3+ 29. Kg2 Ng5 30. c5 Be5 31. Bxe5 Rxe5 32. Rf4 Ne4
33. Rc1 Nd2 34. Nd4 g5 {
0-1 Bekker Jensen,S-Rewitz,P/Copenhagen op 1995/EXP 47 (34)}) 14... Qg4 15.
Bxh3 Qxh3 16. Qe4 Bd6 17. e3 Rd7 18. Qg2 Qh5 19. Bc3 c5 20. bxc6 Nxc6 21. N2f3
Rc8 22. Rab1 {1/2-1/2 Jelling,E-Rewitz,P/Copenhagen op 1995/EXP 47 (22)}) 7.
Bd2 Qe7 8. O-O O-O-O 9. Qa4 Bxd2 10. Nbxd2 Qb4 $16 (10... a6 11. Nb3 $14) 11.
Qxb4 Nxb4 12. a3 Nc2 13. Rad1 d3 14. e3 $11 {Covers d4} (14. exd3 Bxd3 15. Nb3
Ne7 16. Rxd3 Rxd3 $14) 14... Nh6 15. h3 {Secures g4} Bd7 16. Ne1 Ba4 $16 (16...
Be6 17. b3 $14) 17. b3 Bc6 $2 $18 (17... Nxe1 $142 $5 18. Rfxe1 Bd7 $16) 18.
Bxc6 bxc6 19. g4 (19. Ndf3 Nxe1 20. Rfxe1 Rd7 $18) 19... f5 (19... Nxa3 20.
Ndf3 $16) 20. exf6 gxf6 21. Ndf3 Nxg4 $2 (21... Nxe1 $142 22. Nxe1 d2 $18) 22.
hxg4 Rdg8 (22... h5 23. Nxc2 dxc2 24. Rxd8+ Rxd8 25. Nd4 $18 (25. gxh5 $4 {
the pawn must be left alone, otherwise White will be punished} Rd1 $19)) 23.
Rxd3 Rxg4+ 24. Kh1 Rg6 (24... Nxa3 {praying for a miracle} 25. Rc3 Rhg8 $18)
25. Nxc2 Rh6+ 26. Nh2 (26. Nh2 c5 27. Rd5 $18) 1-0

[Event "Norwood Centenary"]
[Site "Norwood"]
[Date "1990.04.16"]
[Round "6.8"]
[White "MacIlwain, Robert"]
[Black "Steffensen, Dennis A"]
[Result "1/2-1/2"]
[WhiteElo "1854"]
[BlackElo "1685"]
[PlyCount "37"]
[EventDate "1990.04.14"]
[EventType "swiss"]
[EventRounds "6"]
[EventCountry "AUS"]

1. e4 c5 2. Nf3 Nc6 3. d4 cxd4 4. Nxd4 e5 5. Nb5 Nf6 6. N1c3 d6 7. Nd5 Nxd5 8.
exd5 Nb8 9. c4 a6 {Sicilian Defence[Lowenthal Variation]} 10. Nc3 Nd7 (10...
Be7 11. Be2 O-O 12. O-O Nd7 {
1/2-1/2 Borge,N-Hansen,S/Copenhagen op 1995/EXP 47 (12)}) 11. Be2 Be7 12. O-O
O-O 13. Be3 f5 14. f3 Nf6 $146 (14... g5 15. Qd2 Bf6 16. Rac1 Kh8 17. b4 b6 18.
Bd3 e4 19. fxe4 f4 20. Bf2 Ne5 21. Be2 g4 22. Bd4 f3 23. gxf3 gxf3 24. Bxe5
Bxe5 25. Rxf3 Rg8+ 26. Kh1 Qh4 27. Bf1 Bg4 28. Rf2 Raf8 {
0-1 McCarthy,T-Roberts,P/Dublin zt 1993/EXP 34 (28)}) (14... Qe8 15. b4 f4 16.
Bf2 Rf6 17. Ne4 Rh6 18. g4 fxg3 19. Bxg3 Nf6 20. Rc1 Nh5 21. Qd2 Bf5 22. Bd3
Qg6 23. Qg2 Bg5 24. Rc2 Be3+ 25. Bf2 Bxf2+ {
0-1 Milanollo,M-Bukacek,E/AUT-chT 1993/TD 93\08 (25)}) 15. b4 Bd7 16. Qb3 Rc8
17. Rac1 (17. Na4 Bxa4 18. Qxa4 Nh5 $11) 17... Be8 (17... Nh5 18. Rc2 $11) 18.
Rfd1 Kh8 19. a4 1/2-1/2

[Event "Norwood Centenary"]
[Site "Norwood"]
[Date "1990.04.16"]
[Round "6.9"]
[White "Coleman, Edwin"]
[Black "Hannagan, Peter"]
[Result "1-0"]
[WhiteElo "1613"]
[BlackElo "1651"]
[PlyCount "59"]
[EventDate "1990.04.14"]
[EventType "swiss"]
[EventRounds "6"]
[EventCountry "AUS"]

1. c4 e5 2. g3 Nf6 3. Bg2 {English Opening} e4 $14 (3... h6 4. d3 Bb4+ 5. Bd2
a5 6. Nc3 O-O 7. a3 Bxc3 8. Bxc3 Re8 9. Nf3 e4 10. Nh4 exd3 11. Qxd3 d6 12. O-O
a4 13. Qc2 Nbd7 14. e4 Nc5 15. Rfe1 Be6 16. f4 Nfd7 17. Bf1 f6 18. Rad1 Qb8 19.
h3 Qa7 20. Bd4 Qa5 21. Kh2 Qa6 22. Bf2 Qc6 23. Bg2 Qa6 24. Bf1 Qc6 25. Bg2 Qa6
{1/2-1/2 Makarichev,S-Gavrikov,V/Moscow GMA-qual f 1990/TD 90\03 (25)}) (3...
Bc5 4. d3 (4. e3 O-O 5. Ne2 d5 6. O-O Bg4 7. h3 Bh5 8. g4 Bg6 9. d4 exd4 10.
exd4 Be7 11. Nbc3 c6 12. cxd5 Nxd5 13. Nxd5 cxd5 14. Nc3 Nc6 15. Nxd5 Bd6 16.
Be3 Qd7 17. f4 f5 18. Qf3 Rae8 {
Trzaska,P-Borkott,F/NRW-II 1993/TD 93\01/1-0 (53)}) 4... d5 5. cxd5 Nxd5 6.
Qa4+ c6 7. Nf3 Nd7 8. O-O O-O 9. Nc3 Bb6 10. Bg5 f6 11. Bd2 Nc5 12. Qc2 Be6 13.
Rfd1 Nb4 14. Qb1 a5 15. Be3 Qc7 16. d4 Nd7 17. a3 Nd5 18. Bc1 {
Bucher,R-Manievich,V/Bern op 1996/EXP 51/0-1 (37)}) (3... g6 4. d4 exd4 5. Qxd4
Nc6 6. Qd2 Bg7 7. Nc3 O-O 8. Nh3 d6 9. Nf4 Re8 10. b3 g5 11. Nd3 Nd4 12. O-O h6
13. Bb2 Bg4 14. Rae1 c6 15. Nc1 Ne6 16. Rd1 Bf8 17. Qc2 Bh5 18. Qb1 {
Slutzkin,U-Zaltz,D/ISR-ch 1992/TD 92\10/1-0 (55)}) (3... Nc6 $5 $11 {
should be considered}) 4. Nc3 Bb4 5. Nxe4 c5 $4 $18 {
the position is going down the drain} (5... Nc6 $142 $16) 6. Nd6+ Ke7 7. a3 (7.
Nxb7 $142 $5 {seems even better} Qb6 8. Nxc5 Bxc5 9. Bxa8 Bxf2+ 10. Kf1 Bxg1
11. Rxg1 d5 $18) 7... Kxd6 8. axb4 cxb4 9. d4 Re8 (9... Ke7 10. Qb3 $16) 10.
Bf4+ Ke7 11. Nf3 $16 (11. c5 Kf8 $18) 11... a5 12. O-O (12. c5 Kf8 $16) 12...
d5 13. cxd5 Nxd5 14. Bxb8 Rxb8 15. Qd3 f5 16. Ne5 Nf6 $18 (16... Ra8 17. Rfc1
$16) 17. Rfc1 $16 (17. Qc4 $5 Be6 18. Qc5+ Qd6 19. Qxd6+ Kxd6 20. Rxa5 Rec8 $16
) 17... Kf8 18. Rc2 h6 19. Rac1 Kg8 20. Ng6 Kh7 21. Nf4 {
White gets decisive kings attack} h5 $2 $18 (21... Bd7 $142 $5 $16) 22. Rc7 Re7
$4 {a blunder in a bad position} (22... b6 $142 $18) 23. Rxe7 Qxe7 24. Rxc8 {
Threatening mate... how?} Rxc8 25. Qxf5+ g6 26. Qxc8 Kh6 27. Qh8+ Nh7 28. h4
Qc7 (28... a4 {does not improve anything} 29. Qg8 Qg7 30. Qc4 $18) 29. Qg8 {
Threatening mate... how?} Qd6 (29... Qg7 {
the only chance to get some counterplay} 30. Qd5 Nf6 31. Qxa5 b3 $18) 30. Be4 {
Do you see the mate threat?} (30. Be4 Nf8 31. Nxh5 $18) 1-0

[Event "Norwood Centenary"]
[Site "Norwood"]
[Date "1990.04.16"]
[Round "6.10"]
[White "Hatch, John H"]
[Black "Trice, James"]
[Result "1-0"]
[WhiteElo "1604"]
[BlackElo "1543"]
[PlyCount "53"]
[EventDate "1990.04.14"]
[EventType "swiss"]
[EventRounds "6"]
[EventCountry "AUS"]

1. d4 Nf6 2. c4 e6 3. Nc3 Bb4 4. Nf3 O-O {
Nimzo-Indian Defence [Normal Variation]} 5. e3 b6 (5... d6 6. Bd3 Nc6 7. O-O
Bxc3 8. bxc3 e5 9. Nd2 Qe7 10. Qc2 g6 11. Nb3 e4 12. Be2 Bg4 13. Bxg4 Nxg4 14.
a4 f5 15. h3 Nf6 16. Ba3 g5 17. c5 d5 18. c4 Qf7 19. Nd2 Rfe8 20. Rab1 {
Florea,D-Mammen,H/VLNBaden 1993/GER 04/0-1 (54)}) 6. Be2 Bb7 7. O-O Be7 $146 (
7... d5 8. cxd5 exd5 9. Bd2 Bd6 10. Rc1 a6 11. Ne5 c5 12. Ng4 Nbd7 13. Nxf6+
Nxf6 14. dxc5 bxc5 15. Bf3 Re8 16. Na4 Rc8 17. Qb3 Ba8 18. Rfd1 Ne4 19. Be1 Rb8
20. Qd3 Qh4 21. g3 Nxg3 22. hxg3 Qxa4 23. Bc3 Be5 24. Bxe5 Rxe5 25. Rxc5 Qxa2
26. b4 Ree8 {1/2-1/2 Bronstein,D-Averbakh,Y/Zuerich ct 1953/CAND (26)}) 8. d5
$15 {This push gains space} (8. b3 d5 $11) 8... Na6 9. e4 Nc5 10. Qc2 exd5 11.
exd5 d6 {Secures e5.} (11... Re8 12. Re1 $11) 12. Bg5 $15 (12. b4 $142 $5 {
and White can hope to live} Ncd7 13. a3 $14) 12... Re8 $11 (12... Nxd5 $5 {
should be examined more closely} 13. cxd5 Bxg5 $15) 13. Rad1 Ng4 14. Bf4 Bf6
15. h3 Ne5 $14 (15... Bxc3 16. bxc3 Ne5 17. Nxe5 dxe5 18. Be3 $11) 16. b4 Ncd7
17. Ne4 Nxf3+ 18. Bxf3 Be5 19. Bg5 Nf6 20. Rfe1 h6 21. Bh4 $11 (21. Nxf6+ $142
$5 Bxf6 22. Rxe8+ Qxe8 23. Bxf6 gxf6 24. Qc1 $16) 21... Bc8 $2 $16 (21... g5
$142 $5 {is the best option Black has} 22. Bg3 Nxe4 23. Bxe4 Bxg3 24. fxg3 Re5
$11) 22. Nxf6+ gxf6 $18 (22... Bxf6 $142 $5 23. Bxf6 gxf6 $16) 23. Be4 $16 (23.
Qd2 $142 $5 $18) 23... Bd7 $2 $18 (23... Bf4 $142 $16) 24. Qd2 Kg7 25. f4 Rg8 (
25... Qc8 {there is nothing better in the position} 26. Qf2 f5 $18) 26. fxe5
dxe5 27. Re3 (27. Re3 Kh8 28. Rf3 $18) (27. Rf1 Ba4 28. Bxf6+ Qxf6 29. Rxf6
Kxf6 30. Qxh6+ Ke7 31. d6+ Ke8 32. Bxa8 c5 33. Qf6 Kf8 34. Rf1 Be8 35. d7 Rg7
36. Qd6+ Kg8 37. dxe8=Q+ Kh7 38. Be4+ f5 39. Bxf5+ Rg6 40. Qdxg6#) 1-0

[Event "Norwood Centenary"]
[Site "Norwood"]
[Date "1990.04.16"]
[Round "6.11"]
[White "Walshe, D Bradley"]
[Black "Fereday, Anthony"]
[Result "1-0"]
[WhiteElo "1560"]
[BlackElo "1221"]
[PlyCount "43"]
[EventDate "1990.04.14"]
[EventType "swiss"]
[EventRounds "6"]
[EventCountry "AUS"]

1. e4 c5 2. Nf3 e6 3. d4 cxd4 4. Nxd4 Nf6 5. Nc3 d6 6. Be3 Be7 7. Be2 O-O 8.
O-O a6 9. f4 Qc7 10. Qe1 Nc6 11. Qg3 Rd8 {
Sicilian Defence [Scheveningen Variation]} 12. f5 (12. Rad1 Rb8 13. e5 Ne8 14.
Kh1 b5 15. Nxc6 Qxc6 16. Bf3 Qc7 17. Qf2 b4 18. Na4 Bd7 19. Bb6 Rxb6 20. Nxb6
Bb5 21. Na8 Qb8 22. Rfe1 d5 23. Nb6 Qc7 24. Nxd5 exd5 25. Bxd5 Bc4 26. Bxc4
Qxc4 {Jell,K-Pieper Emden,C/BL 8687 1987/BL 80/0-1 (62)}) (12. Kh1 Na5 13. e5
Ne8 14. Ne4 Nc4 15. Bxc4 Qxc4 16. c3 b5 17. Ng5 Bb7 18. f5 dxe5 19. fxe6 f6 20.
Nf5 Bc5 21. Bxc5 Qxc5 22. e7 fxg5 23. Qxg5 {
1-0 Ader,G-Espig,G/OLO-A 1995/GER 11 (23)}) 12... e5 $146 (12... Nxd4 13. Bxd4
e5 14. Be3 b5 15. Bh6 Bf8 16. Bg5 d5 17. Bxf6 Qb6+ 18. Kh1 Qxf6 19. Nxd5 Qh6
20. Ne3 Bb7 21. Bd3 Rd4 22. Ng4 Qd6 23. Rae1 Re8 24. Re3 b4 25. b3 a5 26. Qh4
f6 27. Bc4+ Rxc4 28. bxc4 Qd2 29. Rd3 Qxc2 30. Nxf6+ gxf6 31. Rg3+ {
1-0 Ruefenacht,M-Christian,M/Dubai olm 1986/TD 86\02 (31)}) 13. Nb3 {
The game is finished by a kings attack} b5 $14 (13... Nb4 14. Bh6 Bf8 15. Bg5
$11) 14. Nd5 Qb7 $16 (14... Nxd5 $142 $5 {deserves consideration} 15. exd5 Nb4
$14) 15. Bh6 {The mate threat is Qxg7} (15. Nxe7+ $6 Qxe7 16. Bf3 Bb7 $14)
15... Bf8 $2 (15... Ne8 $142 $18) 16. Nxf6+ Kh8 17. Bg5 Be7 18. Nxh7 (18. Nd5 {
and White can already relax} Bxg5 19. Qxg5 f6 $18) 18... Kxh7 19. f6 gxf6 20.
Rxf6 {Do you see the mate threat?} Bxf6 (20... Qa7+ 21. Kh1 Bf8 $18) 21. Bxf6 (
21. Qh4+ Kg8 22. Bxf6 Qb6+ 23. Kh1 Qg1+ 24. Rxg1 d5 25. Qh8#) 21... Rg8 (21...
Qa7+ {does not save the day} 22. Kf1 Qf2+ 23. Kxf2 Rg8 24. Qh4+ Kg6 25. Qg5+
Kh7 26. Qh5#) 22. Qh4+ (22. Qh4+ Kg6 23. Qg5+ Kh7 24. Qh5#) 1-0

[Event "Norwood Centenary"]
[Site "Norwood"]
[Date "1990.04.16"]
[Round "6.12"]
[White "Bailey, Cliff"]
[Black "Sarma, Venu"]
[Result "0-1"]
[WhiteElo "1300"]
[BlackElo "1498"]
[PlyCount "114"]
[EventDate "1990.04.14"]
[EventType "swiss"]
[EventRounds "6"]
[EventCountry "AUS"]

1. c4 Nf6 2. Nc3 g6 3. g3 c5 4. Bg2 Bg7 5. Nf3 d5 6. cxd5 Nxd5 7. O-O {
English Opening [Symmetrical Variation]} e6 $146 {Covers d5} (7... Nxc3 8. bxc3
Nc6 9. Bb2 O-O 10. d4 Na5 11. Qd3 Qc7 12. Rac1 Rd8 13. e4 b6 14. Rfe1 Bb7 15.
Qe2 e6 16. h4 Rac8 17. Nd2 Qd7 18. e5 Bxg2 19. Kxg2 Qd5+ 20. Ne4 cxd4 21. cxd4
Qxa2 22. Nd6 {Webb,S-Liersch,A/Hamburg Concordia 1977/MCL 03/1/2-1/2 (33)}) 8.
a3 {Prevents intrusion on b4} O-O 9. e4 Ne7 10. Qc2 $15 (10. b4 cxb4 11. axb4
f5 $11) 10... Nbc6 11. Re1 a6 {Consolidates b5} 12. Rb1 b5 13. Nd1 Qb6 14. d3
Rb8 15. Bf4 e5 16. Be3 Bg4 $14 (16... Nd4 $142 $5 {must be considered} 17. Qd2
Bb7 $15) 17. b4 $15 (17. Bxc5 $142 $5 {would allow White to play on} Qd8 18.
Nc3 $14) 17... Nd4 {A classical outpost} 18. Nxd4 cxd4 {
Black gains space. Black creates threats along the open c-file} 19. Bg5 Rbc8
20. Qb2 Rfe8 21. f3 Be6 22. Kh1 h6 23. Bd2 Rc7 24. Nf2 Rec8 25. Rbc1 g5 26.
Rxc7 Rxc7 27. Rc1 Kh7 28. h3 {Controls g4} f5 29. Kh2 f4 {
Black gets more space. Black gets in control} 30. Rc2 $17 (30. gxf4 exf4 31. h4
Rxc1 32. Bxc1 Ng6 33. hxg5 hxg5 $15) 30... fxg3+ 31. Kxg3 Qb7 32. Qc1 Rxc2 33.
Qxc2 Qc8 34. Qc5 $19 (34. Qxc8 Bxc8 35. h4 gxh4+ 36. Kxh4 Bf6+ 37. Kh5 $11)
34... Ng6 $17 (34... Qxc5 35. bxc5 Nc6 $17) 35. Bf1 Bf8 36. Qxc8 Bxc8 37. Be2
Be7 38. Bd1 Be6 39. Bc2 h5 40. Bd1 Kg7 41. Kh2 Ba2 42. Bc2 Nf4 43. Nh1 Kg6 44.
Ng3 Be6 45. Bxf4 gxf4 46. Ne2 $19 (46. Nf5 $142 $5 {
is an interesting alternative} Bf8 47. Kg1 $17) 46... Bh4 $17 (46... a5 47.
bxa5 Bxa3 48. Nc1 $17) 47. Nc1 Be1 (47... Kg5 48. Bb3 Bc8 49. Bf7 $17) 48. Bb3
(48. Nb3 Bc8 $15) 48... Bc8 49. Na2 $19 (49. Bd5 $5 $17) 49... Kg5 50. a4 Kh4 (
50... bxa4 51. Bxa4 Be6 52. Nc1 Bxb4 53. Bb3 $19) 51. a5 (51. axb5 axb5 52. Bd5
Bd2 $19) 51... Bxh3 52. Bd5 Bc8 (52... Bf1 $5 {seems even better} 53. Nc1 Bd2
54. Kg1 $19) 53. Bf7 Kg5 54. Be8 $2 (54. Kg2 $19) 54... Bd2 (54... Be6 $142 {
finishes off the opponent} 55. Nc1 Bxb4 $19) 55. Kg2 $2 (55. Bf7 $19) 55... Be6
56. Kf1 Bxa2 57. Bxb5 Bxb4 (57... Bxb4 58. Bxa6 Be6 $19) (57... axb5 {
succumbs to} 58. a6 Bf7 59. a7 Bxb4 60. a8=Q $18) 0-1